[Event "2. Bundesliga Ost 2008/2009"]
[Site "3-5.10.Bruck,22-23.11.Poechlarn,17-18.1.Wr.Neust,28
[Date "2009.01.18"]
[Round "7"]
[Board "4"]
[White "Wiedner, Robert"]
[Black "Vitouch, Anatol"]
[Result "1/2-1/2"]
[WhiteElo "2189"]
[BlackElo "2230"]
[PlyCount "24"]
[EventDate "2008.10.03"]
[EventType "team"]
[EventRounds "11"]
[EventCountry "AUT"]
[WhiteTeam "1. Wr. Neustaedter SV"]
[BlackTeam "ASVOE Pamhagen"]

1.Nf3 c5 2.g3 g6 3.Bg2 Bg7 4.O-O Nc6 5.c4 Nh6 6.Nc3 Nf5 7.d3 b6 8.Bd2 Bb7 9.Rb1
h5 10.h4 Qc8 11.Ng5 Ne5 12.Nge4 O-O

[Event "2. Bundesliga Ost 2008/2009"]
[Site "3-5.10.Bruck,22-23.11.Poechlarn,17-18.1.Wr.Neust,28
[Date "2009.01.18"]
[Round "7"]
[Board "5"]
[White "Kuthan, Andreas"]
[Black "Posch, Werner"]
[Result "1/2-1/2"]
[WhiteElo "2201"]
[BlackElo "2234"]
[PlyCount "25"]
[EventDate "2008.10.03"]
[EventType "team"]
[EventRounds "11"]
[EventCountry "AUT"]
[WhiteTeam "ASVOE Pamhagen"]
[BlackTeam "1. Wr. Neustaedter SV"]

1.e4 Nf6 2.e5 Nd5 3.c4 Nb6 4.d4 d6 5.exd6 cxd6 6.Nc3 g6 7.Be3 Bg7 8.Rc1 O-O 9.b3
f5 10.g3 e5 11.dxe5 dxe5 12.Qxd8 Rxd8 13.c5

[Event "2. Bundesliga Ost 2008/2009"]
[Site "3-5.10.Bruck,22-23.11.Poechlarn,17-18.1.Wr.Neust,28
[Date "2009.01.18"]
[Round "7"]
[Board "6"]
[White "Steiner, Bruno"]
[Black "Froschauer, Hans"]
[Result "1-0"]
[WhiteElo "2177"]
[BlackElo "2147"]
[PlyCount "67"]
[EventDate "2008.10.03"]
[EventType "team"]
[EventRounds "11"]
[EventCountry "AUT"]
[WhiteTeam "1. Wr. Neustaedter SV"]
[BlackTeam "ASVOE Pamhagen"]

1.Nf3 Nf6 2.c4 g6 3.b4 Bg7 4.Bb2 O-O 5.g3 a5 6.a3 d6 7.Bg2 e5 8.d3 Nc6 9.b5 Ne7
10.Nbd2 Nd7 11.O-O f5 12.Qc2 Nc5 13.d4 exd4 14.Bxd4 Qe8 15.Bxg7 Kxg7 16.Nb3 Nxb3
17.Qxb3 Qf7 18.e3 Ng8 19.b6 cxb6 20.Rfd1 Qc7 21.Rab1 Nf6 22.Qxb6 Qxc4 23.Qxd6
Ra6 24.Qb8 Nd7 25.Rxb7 Rf7 26.Rc7 Nxb8 27.Rxc4 Be6 28.Rc3 Kf6 29.h4 h6 30.Nd4
Rd6 31.Rb1 Na6 32.Rb5 a4 33.Ra5 Bd7 34.Bc6

[Event "2. Bundesliga Ost 2008/2009"]
[Site "3-5.10.Bruck,22-23.11.Poechlarn,17-18.1.Wr.Neust,28
[Date "2009.01.18"]
[Round "7"]
[Board "1"]
[White "Stohl, Igor"]
[Black "Farago, Ivan"]
[Result "1/2-1/2"]
[WhiteElo "2531"]
[BlackElo "2489"]
[PlyCount "89"]
[EventDate "2008.10.03"]
[EventType "team"]
[EventRounds "11"]
[EventCountry "AUT"]
[WhiteTeam "SK Advisory Invest Baden"]
[BlackTeam "ASVOE VHS Poechlarn"]

1.Nf3 Nf6 2.c4 c5 3.Nc3 Nc6 4.g3 d5 5.d4 e6 6.cxd5 Nxd5 7.Bg2 cxd4 8.Nxd4 Nxc3
9.bxc3 Nxd4 10.Qxd4 Qxd4 11.cxd4 Bb4+ 12.Bd2 Bd6 13.e4 Rb8 14.Rc1 e5 15.dxe5
Bxe5 16.f4 Bd4 17.Bb4 Bd7 18.Bd6 Rc8 19.Rxc8+ Bxc8 20.e5 h5 21.Kd2 h4 22.Rc1 Kd8
23.Bc7+ Ke8 24.Bd6 Kd8 25.g4 Bb6 26.f5 g6 27.e6 fxe6 28.fxg6 Rg8 29.Be4 Bd7
30.Be5 Bc6 31.Bd3 Bc7 32.Bxc7+ Kxc7 33.Ke3 e5 34.Rf1 Bd5 35.Be4 Bxa2 36.Ra1 Bc4
37.Ra5 Kd6 38.Rxa7 Bd5 39.Bf5 Ke7 40.Ra5 Kd6 41.Ra7 Bc6 42.Ra2 Ke7 43.g5 Kf8
44.Ra5 Kg7 45.Rxe5

[Event "2. Bundesliga Ost 2008/2009"]
[Site "3-5.10.Bruck,22-23.11.Poechlarn,17-18.1.Wr.Neust,28
[Date "2009.01.18"]
[Round "7"]
[Board "2"]
[White "Kostic, Vladimir"]
[Black "Loeffler, Stefan"]
[Result "0-1"]
[WhiteElo "2422"]
[BlackElo "2411"]
[PlyCount "100"]
[EventDate "2008.10.03"]
[EventType "team"]
[EventRounds "11"]
[EventCountry "AUT"]
[WhiteTeam "ASVOE VHS Poechlarn"]
[BlackTeam "SK Advisory Invest Baden"]

1.e4 Nf6 2.e5 Nd5 3.d4 d6 4.Nf3 dxe5 5.Nxe5 c6 6.Be2 Bf5 7.O-O Nd7 8.Nf3 b5
9.Nh4 Bg6 10.a4 a6 11.Ra3 Be4 12.Nd2 e6 13.Rb3 bxa4 14.Rg3 Qxh4 15.Nxe4 Qxe4
16.c3 Be7 17.Re1 N5b6 18.Rxg7 Qf5 19.Rg3 Qa5 20.Bh5 a3 21.bxa3 Nf6 22.Bf3 Rc8
23.Re5 Qa4 24.Qe1 c5 25.dxc5 Nbd7 26.Bd1 Qb5 27.Re2 Nxc5 28.Rb2 Qc6 29.Bf3 Qc7
30.Qf1 Bd6 31.Rh3 Be5 32.Be2 Qc6 33.Bf3 Qa4 34.Rb4 Qc2 35.Bd1 Qg6 36.Rc4 Ke7
37.Be3 Ncd7 38.Rhh4 Rxc4 39.Rxc4 Nd5 40.Bd2 Qb1 41.g3 Rb8 42.Bf3 Qa2 43.Qd3 Rb1+
44.Kg2 Rb2 45.Bg5+ Kd6 46.Rc8 Nc5 47.Rd8+ Kc7 48.Qf1 f6 49.Bxd5 exd5 50.Re8 Rb1

[Event "2. Bundesliga Ost 2008/2009"]
[Site "3-5.10.Bruck,22-23.11.Poechlarn,17-18.1.Wr.Neust,28
[Date "2009.01.18"]
[Round "7"]
[Board "3"]
[White "Lendwai, Reinhard"]
[Black "Rumpl, Erwin"]
[Result "1/2-1/2"]
[WhiteElo "2418"]
[BlackElo "2310"]
[PlyCount "24"]
[EventDate "2008.10.03"]
[EventType "team"]
[EventRounds "11"]
[EventCountry "AUT"]
[WhiteTeam "SK Advisory Invest Baden"]
[BlackTeam "ASVOE VHS Poechlarn"]

1.d4 d5 2.c4 c6 3.Nf3 Nf6 4.Qb3 dxc4 5.Qxc4 g6 6.Nc3 Bg7 7.e4 O-O 8.Be2 Bg4
9.Be3 Nbd7 10.Rd1 Nb6 11.Qc5 Nfd7 12.Qa5 Bxf3

[Event "2. Bundesliga Ost 2008/2009"]
[Site "3-5.10.Bruck,22-23.11.Poechlarn,17-18.1.Wr.Neust,28
[Date "2009.01.18"]
[Round "7"]
[Board "4"]
[White "Weinzettl, Ernst"]
[Black "Brandner, Stefan"]
[Result "1/2-1/2"]
[WhiteElo "2249"]
[BlackElo "2296"]
[PlyCount "29"]
[EventDate "2008.10.03"]
[EventType "team"]
[EventRounds "11"]
[EventCountry "AUT"]
[WhiteTeam "ASVOE VHS Poechlarn"]
[BlackTeam "SK Advisory Invest Baden"]

1.e4 e5 2.Bc4 Nf6 3.d3 Nc6 4.Nf3 Bc5 5.c3 d6 6.Nbd2 h6 7.b4 Bb6 8.Bb3 a6 9.Nc4
Ba7 10.Be3 b5 11.Bxa7 bxc4 12.Ba4 Bd7 13.Be3 cxd3 14.Qxd3 O-O 15.Bb3

[Event "2. Bundesliga Ost 2008/2009"]
[Site "3-5.10.Bruck,22-23.11.Poechlarn,17-18.1.Wr.Neust,28
[Date "2009.01.18"]
[Round "7"]
[Board "5"]
[White "Sulyok, Michael"]
[Black "Mittermayr, Gerhard"]
[Result "1-0"]
[WhiteElo "2227"]
[BlackElo "2175"]
[PlyCount "63"]
[EventDate "2008.10.03"]
[EventType "team"]
[EventRounds "11"]
[EventCountry "AUT"]
[WhiteTeam "SK Advisory Invest Baden"]
[BlackTeam "ASVOE VHS Poechlarn"]

1.c4 f5 2.Nf3 Nf6 3.g3 g6 4.Bg2 Bg7 5.O-O O-O 6.d4 d6 7.Nc3 c6 8.Rb1 Qc7 9.d5
Na6 10.Nd4 e5 11.dxe6 Qe7 12.b4 Nc7 13.b5 c5 14.Nc2 Nxe6 15.Ne3 Rb8 16.Ned5 Qf7
17.Nxf6+ Qxf6 18.Qxd6 Qxc3 19.Qxb8 Qxc4 20.Bb2 Nd4 21.Bxd4 cxd4 22.Rbc1 Qe6
23.Rc5 Kh8 24.Bd5 Qe8 25.Rfc1 Bd7 26.Qxe8 Rxe8 27.Bxb7 Be6 28.a4 h5 29.Rc7 Be5
30.Bc6 Rf8 31.Rxa7 Bd6 32.Ra8

[Event "2. Bundesliga Ost 2008/2009"]
[Site "3-5.10.Bruck,22-23.11.Poechlarn,17-18.1.Wr.Neust,28
[Date "2009.01.18"]
[Round "7"]
[Board "6"]
[White "Gattermayer, Robert"]
[Black "Herndlbauer, Martin"]
[Result "1/2-1/2"]
[WhiteElo "2078"]
[BlackElo "2122"]
[PlyCount "49"]
[EventDate "2008.10.03"]
[EventType "team"]
[EventRounds "11"]
[EventCountry "AUT"]
[WhiteTeam "ASVOE VHS Poechlarn"]
[BlackTeam "SK Advisory Invest Baden"]

1.e4 c5 2.Nc3 Nc6 3.d3 g6 4.Be3 d6 5.g3 Bg7 6.Bg2 Rb8 7.Qd2 b5 8.Rb1 b4 9.Nce2
Qa5 10.Nc1 Bc3 11.bxc3 bxc3 12.Rxb8 cxd2+ 13.Bxd2 Qc7 14.Rb2 e5 15.Nge2 Nge7
16.O-O Nd4 17.c3 Nxe2+ 18.Nxe2 Ba6 19.c4 O-O 20.Rfb1 Nc6 21.Nc3 Rb8 22.Rxb8+
Nxb8 23.Nd5 Qd8 24.h4 Nc6 25.Bg5

[Event "2. Bundesliga Ost 2008/2009"]
[Site "3-5.10.Bruck,22-23.11.Poechlarn,17-18.1.Wr.Neust,28
[Date "2009.01.18"]
[Round "7"]
[Board "1"]
[White "Pinter, Erik"]
[Black "Videki, Sandor"]
[Result "1/2-1/2"]
[WhiteElo "2415"]
[BlackElo "2428"]
[PlyCount "67"]
[EventDate "2008.10.03"]
[EventType "team"]
[EventRounds "11"]
[EventCountry "AUT"]
[WhiteTeam "Blackburne Nickelsdorf"]
[BlackTeam "Spg Data Technlogy Eichgraben/P."]

1.e4 c6 2.d4 d5 3.e5 Bf5 4.Nf3 e6 5.Be2 c5 6.O-O Nc6 7.c3 cxd4 8.cxd4 Nge7 9.b3
Bg4 10.Nbd2 Nf5 11.h3 Bxf3 12.Nxf3 Qb6 13.Bb2 Be7 14.Qd2 Rc8 15.Rac1 O-O 16.g4
Nh4 17.Nxh4 Bxh4 18.f4 f6 19.Kg2 a5 20.Rf3 h6 21.Rcf1 f5 22.Kh1 Kh7 23.Rg1 g6
24.Bd3 Rg8 25.Bb1 Rg7 26.Rd3 Qd8 27.Ba3 Be7 28.Bxe7 Qxe7 29.Qf2 Rcg8 30.Rd2 Qb4
31.Bc2 Ne7 32.Rg2 Rc8 33.Kh2 Rc3 34.Bd1

[Event "2. Bundesliga Ost 2008/2009"]
[Site "3-5.10.Bruck,22-23.11.Poechlarn,17-18.1.Wr.Neust,28
[Date "2009.01.18"]
[Round "7"]
[Board "2"]
[White "Ganaus, Hannes"]
[Black "Vlcek, Stanislav"]
[Result "1/2-1/2"]
[WhiteElo "2275"]
[BlackElo "2312"]
[PlyCount "33"]
[EventDate "2008.10.03"]
[EventType "team"]
[EventRounds "11"]
[EventCountry "AUT"]
[WhiteTeam "Spg Data Technlogy Eichgraben/P."]
[BlackTeam "Blackburne Nickelsdorf"]

1.d4 Nf6 2.c4 g6 3.Nc3 Bg7 4.Nf3 d6 5.g3 O-O 6.Bg2 Nbd7 7.O-O e5 8.Rb1 a5 9.dxe5
Nxe5 10.Nxe5 dxe5 11.Qxd8 Rxd8 12.Bg5 Rd7 13.Rfd1 c6 14.Na4 Rxd1+ 15.Rxd1 Be6
16.Nb6 Re8 17.h3

[Event "2. Bundesliga Ost 2008/2009"]
[Site "3-5.10.Bruck,22-23.11.Poechlarn,17-18.1.Wr.Neust,28
[Date "2009.01.18"]
[Round "7"]
[Board "4"]
[White "Weissenbeck, Manuel"]
[Black "Bachofner, Andreas"]
[Result "1-0"]
[WhiteElo "2279"]
[BlackElo "2245"]
[PlyCount "75"]
[EventDate "2008.10.03"]
[EventType "team"]
[EventRounds "11"]
[EventCountry "AUT"]
[WhiteTeam "Spg Data Technlogy Eichgraben/P."]
[BlackTeam "Blackburne Nickelsdorf"]

1.d4 e6 2.e4 d5 3.e5 c5 4.c3 Nc6 5.Nf3 Nge7 6.Bd3 cxd4 7.cxd4 Nf5 8.Be3 Be7
9.Qd2 f6 10.Bxf5 exf5 11.Nc3 Be6 12.O-O Qd7 13.Rfe1 O-O 14.Bf4 Rae8 15.Re2 h6
16.Rae1 fxe5 17.Nxe5 Nxe5 18.Bxe5 Bg5 19.f4 Bd8 20.a3 Bf7 21.Qd3 a6 22.Qf3 Bb6
23.Kh1 Kh7 24.h3 Rg8 25.Qd3 Bd8 26.Rf1 Bh5 27.Re3 Bh4 28.g3 Bd8 29.Kh2 Bg6
30.Qe2 Bb6 31.Qf3 Rd8 32.Rfe1 Rge8 33.g4 Re6 34.Qg2 Re7 35.Rg3 Ba5 36.b4 Bb6
37.gxf5 Qxf5 38.Nxd5

[Event "2. Bundesliga Ost 2008/2009"]
[Site "3-5.10.Bruck,22-23.11.Poechlarn,17-18.1.Wr.Neust,28
[Date "2009.01.18"]
[Round "7"]
[Board "5"]
[White "Bachofner, Christian"]
[Black "Hechl, Gerald"]
[Result "0-1"]
[WhiteElo "2110"]
[BlackElo "2218"]
[PlyCount "82"]
[EventDate "2008.10.03"]
[EventType "team"]
[EventRounds "11"]
[EventCountry "AUT"]
[WhiteTeam "Blackburne Nickelsdorf"]
[BlackTeam "Spg Data Technlogy Eichgraben/P."]

1.e4 c5 2.Nf3 e6 3.Nc3 a6 4.a4 Nc6 5.g3 Bd6 6.Bg2 Nge7 7.O-O Bc7 8.d4 cxd4
9.Nxd4 h5 10.h3 Bb6 11.Nb3 Ng6 12.Kh1 Nge5 13.Qe2 g5 14.Nd5 g4 15.h4 Nf3 16.Nxb6
Qxb6 17.Bxf3 gxf3 18.Qxf3 Qb4 19.Bd2 Qc4 20.Bc3 e5 21.Qd3 Qe6 22.Kg2 d6 23.Rh1
Qg6 24.Rad1 Be6 25.Na5 Nxa5 26.Bxa5 Rc8 27.b3 d5 28.exd5 Bf5 29.Qe3 Be4+ 30.f3
Bxc2 31.Qxe5+ Kd7 32.Rd2 b6 33.Bb4 Rhe8 34.Qd4 Bxb3 35.Qb2 Bxa4 36.Rc1 Rg8 37.g4
hxg4 38.Re1 gxf3+ 39.Kh1 Rce8 40.Qa1 Bb5 41.d6 Re2

[Event "2. Bundesliga Ost 2008/2009"]
[Site "3-5.10.Bruck,22-23.11.Poechlarn,17-18.1.Wr.Neust,28
[Date "2009.01.18"]
[Round "7"]
[Board "6"]
[White "Pichler, Michael"]
[Black "Steinert, Martin"]
[Result "1/2-1/2"]
[WhiteElo "2166"]
[BlackElo "2058"]
[PlyCount "29"]
[EventDate "2008.10.03"]
[EventType "team"]
[EventRounds "11"]
[EventCountry "AUT"]
[WhiteTeam "Spg Data Technlogy Eichgraben/P."]
[BlackTeam "Blackburne Nickelsdorf"]

1.e4 c5 2.c3 e6 3.d4 d5 4.e5 Nc6 5.Nf3 Qb6 6.a3 c4 7.Nbd2 Qc7 8.b3 b5 9.Be2 Rb8
10.O-O f6 11.Re1 f5 12.a4 a6 13.axb5 axb5 14.Qc2 Nh6 15.b4

[Event "2. Bundesliga Ost 2008/2009"]
[Site "3-5.10.Bruck,22-23.11.Poechlarn,17-18.1.Wr.Neust,28
[Date "2009.01.18"]
[Round "7"]
[Board "1"]
[White "Mlynek, Petr"]
[Black "Kleiser, Gregor"]
[Result "0-1"]
[WhiteElo "2218"]
[BlackElo "2326"]
[PlyCount "82"]
[EventDate "2008.10.03"]
[EventType "team"]
[EventRounds "11"]
[EventCountry "AUT"]
[WhiteTeam "SK Zwettl"]
[BlackTeam "SV Tschaturanga Neubau"]

1.d4 d5 2.c4 dxc4 3.Nf3 Nf6 4.e3 e6 5.Bxc4 a6 6.a4 c5 7.O-O Be7 8.dxc5 Bxc5
9.Qxd8+ Kxd8 10.Nc3 Ke7 11.e4 h6 12.e5 Nfd7 13.Ne4 Bb4 14.Bd2 Bxd2 15.Nexd2 Nc6
16.Rfe1 Rd8 17.Rad1 Nc5 18.b3 Bd7 19.Ne4 Nxe4 20.Rxe4 Na5 21.Rb1 Bc6 22.Rg4 Bxf3
23.gxf3 g6 24.Re4 Rac8 25.Kf1 Rd7 26.Ke1 Nc6 27.Rd1 Rcd8 28.Rxd7+ Rxd7 29.Ke2 b5
30.axb5 axb5 31.Bd3 g5 32.h4 Rd5 33.hxg5 hxg5 34.f4 gxf4 35.Rxf4 Rxe5+ 36.Kd2 f5
37.Rh4 Rd5 38.Kc3 b4+ 39.Kd2 Ne5 40.Rh3 Kd6 41.Ke2 Nxd3

[Event "2. Bundesliga Ost 2008/2009"]
[Site "3-5.10.Bruck,22-23.11.Poechlarn,17-18.1.Wr.Neust,28
[Date "2009.01.18"]
[Round "7"]
[Board "2"]
[White "Wukits, Rene"]
[Black "Pakosta, Miroslav"]
[Result "1-0"]
[WhiteElo "2318"]
[BlackElo "2156"]
[PlyCount "77"]
[EventDate "2008.10.03"]
[EventType "team"]
[EventRounds "11"]
[EventCountry "AUT"]
[WhiteTeam "SV Tschaturanga Neubau"]
[BlackTeam "SK Zwettl"]

1.d4 Nf6 2.c4 e5 3.dxe5 Ng4 4.Bf4 Nc6 5.Nf3 Bb4+ 6.Nbd2 Qe7 7.a3 Ngxe5 8.Nxe5
Nxe5 9.e3 Bxd2+ 10.Qxd2 O-O 11.c5 Re8 12.Rc1 g5 13.Bg3 d6 14.cxd6 cxd6 15.Bb5
Rd8 16.h4 g4 17.h5 Be6 18.Qd4 a6 19.Be2 f6 20.Qb4 Qd7 21.O-O Qg7 22.Rfd1 d5
23.Bf4 Nc6 24.Qb6 Rd7 25.Rxc6 bxc6 26.Qxc6 Re8 27.Bxa6 Qf7 28.Bb5 Qxh5 29.Qc1
Ree7 30.Bxd7 Rxd7 31.b4 Qg6 32.b5 Qf7 33.b6 d4 34.Bh6 Rb7 35.Rxd4 Qg6 36.Rd8+
Kf7 37.Rf8+ Ke7 38.Qc5+ Kd7 39.Bf4

[Event "2. Bundesliga Ost 2008/2009"]
[Site "3-5.10.Bruck,22-23.11.Poechlarn,17-18.1.Wr.Neust,28
[Date "2009.01.18"]
[Round "7"]
[Board "3"]
[White "Wagner, Stefan"]
[Black "Zoernpfenning, Siegfried"]
[Result "1/2-1/2"]
[WhiteElo "2133"]
[BlackElo "2115"]
[PlyCount "122"]
[EventDate "2008.10.03"]
[EventType "team"]
[EventRounds "11"]
[EventCountry "AUT"]
[WhiteTeam "SK Zwettl"]
[BlackTeam "SV Tschaturanga Neubau"]

1.e4 c6 2.d4 d5 3.Nc3 dxe4 4.Nxe4 Bf5 5.Ng3 Bg6 6.h4 h6 7.Nf3 Nd7 8.h5 Bh7 9.Bd3
Bxd3 10.Qxd3 Qc7 11.Bd2 e6 12.O-O-O Ngf6 13.Ne4 O-O-O 14.g3 Nxe4 15.Qxe4 Bd6
16.c4 c5 17.Kb1 Rhe8 18.Qh7 Qc6 19.Qd3 Nf6 20.Rh4 Bc7 21.Qe2 cxd4 22.Nxd4 Qd7
23.Nb5 a6 24.Nxc7 Qxc7 25.Re1 Rd7 26.Bf4 Qc5 27.a3 Red8 28.Be3 Qf5+ 29.Ka2 Rd3
30.Bb6 R8d6 31.Rf4 Qxh5 32.Qxh5 Nxh5 33.c5 Nxf4 34.cxd6 Nd5 35.Bc5 b6 36.d7+
Kxd7 37.Bf8 Rd2 38.Rf1 Nc3+ 39.Kb3 Ne4 40.Bxg7 Rxf2 41.Rxf2 Nxf2 42.Bxh6 Ne4
43.Bf4 f6 44.g4 e5 45.Be3 Kc6 46.Kc4 Nd6+ 47.Kd3 b5 48.b3 Kd5 49.Bh6 Ne4 50.Be3
Nc5+ 51.Kc2 Nd7 52.Kc3 Nb8 53.Bh6 Nc6 54.Bg7 Ke6 55.a4 e4 56.axb5 axb5 57.Kd2
Kf7 58.Bh8 Nd4 59.Ke3 Nxb3 60.Kxe4 Nd2+ 61.Kf5 Nc4

[Event "2. Bundesliga Ost 2008/2009"]
[Site "3-5.10.Bruck,22-23.11.Poechlarn,17-18.1.Wr.Neust,28
[Date "2009.01.18"]
[Round "7"]
[Board "4"]
[White "Neff, Gregor"]
[Black "Vykydal, Frantisek"]
[Result "1/2-1/2"]
[WhiteElo "2134"]
[BlackElo "2246"]
[PlyCount "87"]
[EventDate "2008.10.03"]
[EventType "team"]
[EventRounds "11"]
[EventCountry "AUT"]
[WhiteTeam "SV Tschaturanga Neubau"]
[BlackTeam "SK Zwettl"]

1.d4 Nf6 2.Nf3 d6 3.g3 Bg4 4.Bg2 Nbd7 5.O-O c6 6.c4 e5 7.Nc3 Be7 8.h3 Bxf3
9.Bxf3 O-O 10.Bg2 Ne8 11.dxe5 dxe5 12.Rb1 a5 13.a3 Qc7 14.b4 axb4 15.axb4 Nef6
16.Be3 Ra3 17.Rb3 Rfa8 18.Qb1 Nb6 19.Bxb6 Qxb6 20.b5 Rxb3 21.Qxb3 Ra3 22.Qc2
cxb5 23.Nxb5 Rxg3 24.Qf5 Qc5 25.Kh2 g6 26.Qc2 Rg5 27.Bxb7 e4 28.Bxe4 Bd6+
29.Nxd6 Qxd6+ 30.f4 Rc5 31.Qd3 Qc7 32.Bd5 g5 33.Qg3 h6 34.fxg5 Nxd5 35.cxd5
Qxg3+ 36.Kxg3 Rxd5 37.gxh6 Rg5+ 38.Kh4 Re5 39.h7+ Kh8 40.Rxf7 Rxe2 41.Kg5 Rg2+
42.Kf6 Rf2+ 43.Ke7 Rxf7+ 44.Kxf7

[Event "2. Bundesliga Ost 2008/2009"]
[Site "3-5.10.Bruck,22-23.11.Poechlarn,17-18.1.Wr.Neust,28
[Date "2009.01.18"]
[Round "7"]
[Board "5"]
[White "Janetschek, Karl"]
[Black "Schwaninger, Wolfgang"]
[Result "1-0"]
[WhiteElo "2267"]
[BlackElo "2151"]
[PlyCount "79"]
[EventDate "2008.10.03"]
[EventType "team"]
[EventRounds "11"]
[EventCountry "AUT"]
[WhiteTeam "SK Zwettl"]
[BlackTeam "SV Tschaturanga Neubau"]

1.e4 d6 2.d4 c6 3.c4 g6 4.f4 Bg7 5.Nc3 Nd7 6.Nf3 c5 7.d5 h5 8.Bd3 Nh6 9.Qe2 Nf8
10.Bd2 Bg4 11.O-O-O a6 12.h3 Bxf3 13.Qxf3 Qc8 14.Rde1 Nd7 15.g4 Ng8 16.g5 b5
17.Nd1 bxc4 18.Bxc4 Nb6 19.Qd3 e6 20.Bc3 Bd4 21.Ne3 e5 22.fxe5 dxe5 23.d6 Nxc4
24.Nxc4 Qe6 25.Rhg1 h4 26.Rg2 Rh7 27.Rf1 Kf8 28.b3 Rb8 29.Rf3 Kg7 30.Bxd4 cxd4
31.Rgf2 Kh8 32.Qd2 Rb5 33.a4 Rc5 34.Kb2 f6 35.Qb4 Qc8 36.gxf6 Rb7 37.d7 Rxb4
38.dxc8=Q Rxc8 39.f7 Rcxc4 40.Ka3

[Event "2. Bundesliga Ost 2008/2009"]
[Site "3-5.10.Bruck,22-23.11.Poechlarn,17-18.1.Wr.Neust,28
[Date "2009.01.18"]
[Round "7"]
[Board "6"]
[White "Petschar, Hans"]
[Black "Stadler, Peter"]
[Result "1-0"]
[WhiteElo "2075"]
[BlackElo "2186"]
[PlyCount "65"]
[EventDate "2008.10.03"]
[EventType "team"]
[EventRounds "11"]
[EventCountry "AUT"]
[WhiteTeam "SV Tschaturanga Neubau"]
[BlackTeam "SK Zwettl"]

1.c4 Nf6 2.Nf3 g6 3.Nc3 d5 4.Qa4+ Bd7 5.Qb3 Bc6 6.cxd5 Nxd5 7.Ne5 e6 8.e4 Nb6
9.f4 Bg7 10.Nf3 O-O 11.d3 a5 12.a3 a4 13.Qc2 Qe7 14.Be3 Rd8 15.Qf2 Be8 16.Be2
Nc6 17.O-O Na5 18.f5 exf5 19.exf5 Nd5 20.Bc5 Qd7 21.fxg6 hxg6 22.Nxd5 Qxd5
23.Rab1 Ra6 24.Kh1 Rf6 25.Be7 Rb6 26.Bxd8 Qxd8 27.d4 Nb3 28.Bc4 Rf6 29.Qh4 Qd6
30.Ng5 Nd2 31.Rxf6 Qxf6 32.Re1 Qc6 33.Rxe8+

[Event "2. Bundesliga Ost 2008/2009"]
[Site "3-5.10.Bruck,22-23.11.Poechlarn,17-18.1.Wr.Neust,28
[Date "2009.02.28"]
[Round "8"]
[Board "1"]
[White "Varga, Zoltan"]
[Black "Beim, Valeri"]
[Result "1/2-1/2"]
[WhiteElo "2494"]
[BlackElo "2506"]
[PlyCount "22"]
[EventDate "2008.10.03"]
[EventType "team"]
[EventRounds "11"]
[EventCountry "AUT"]
[WhiteTeam "ASVOE SK Lackenbach"]
[BlackTeam "SV Tschaturanga Neubau"]

1.e4 d5 2.exd5 Nf6 3.Nf3 Nxd5 4.d4 Bf5 5.Bg5 h6 6.Bh4 c6 7.c3 Nd7 8.Qb3 N5b6
9.Be2 g5 10.Bg3 Bg7 11.O-O O-O

[Event "2. Bundesliga Ost 2008/2009"]
[Site "3-5.10.Bruck,22-23.11.Poechlarn,17-18.1.Wr.Neust,28
[Date "2009.02.28"]
[Round "8"]
[Board "2"]
[White "Kreindl, Helmut"]
[Black "Papp, Gabor"]
[Result "1/2-1/2"]
[WhiteElo "2171"]
[BlackElo "2509"]
[PlyCount "119"]
[EventDate "2008.10.03"]
[EventType "team"]
[EventRounds "11"]
[EventCountry "AUT"]
[WhiteTeam "SV Tschaturanga Neubau"]
[BlackTeam "ASVOE SK Lackenbach"]

1.d4 Nf6 2.Nf3 e6 3.g3 d5 4.Bg2 Be7 5.c4 O-O 6.O-O dxc4 7.Qc2 a6 8.a4 Bd7 9.Qxc4
Bc6 10.Bg5 a5 11.Rd1 Na6 12.Nc3 Nb4 13.Ne5 Bxg2 14.Kxg2 c6 15.e4 Rc8 16.Bxf6
Bxf6 17.Ng4 Be7 18.Ne3 Qb6 19.Rd2 Rfd8 20.Rad1 Rc7 21.h4 Rcd7 22.e5 Nd5 23.Nexd5
cxd5 24.Qb5 Qa6 25.Rc2 Rc7 26.Rdc1 Rdc8 27.Qxa6 bxa6 28.Kf3 f6 29.Ke3 fxe5
30.dxe5 Rc4 31.Kd3 Rb8 32.Ne2 Rxa4 33.Rc8+ Rxc8 34.Rxc8+ Kf7 35.Rc6 Re4 36.f4
Rb4 37.Rxa6 Rxb2 38.Nd4 Rg2 39.Nxe6 Rxg3+ 40.Kd4 Bxh4 41.f5 h5 42.Rxa5 Be7
43.Kxd5 h4 44.Nf4 h3 45.e6+ Ke8 46.Ra8+ Bd8 47.Kd6 Rb3 48.Nd5 Rd3 49.e7 Rxd5+
50.Kxd5 Kxe7 51.Ra3 h2 52.Rh3 Bc7 53.Kc4 Kf6 54.Rh5 Bd6 55.Kd5 Bg3 56.Ke4 Ke7
57.Kf3 Be5 58.Kg2 Kd6 59.Rh7 Kd5 60.Rxg7

[Event "2. Bundesliga Ost 2008/2009"]
[Site "3-5.10.Bruck,22-23.11.Poechlarn,17-18.1.Wr.Neust,28
[Date "2009.02.28"]
[Round "8"]
[Board "3"]
[White "Vavrak, Peter"]
[Black "Kleiser, Gregor"]
[Result "1-0"]
[WhiteElo "2478"]
[BlackElo "2326"]
[PlyCount "73"]
[EventDate "2008.10.03"]
[EventType "team"]
[EventRounds "11"]
[EventCountry "AUT"]
[WhiteTeam "ASVOE SK Lackenbach"]
[BlackTeam "SV Tschaturanga Neubau"]

1.d4 Nf6 2.c4 g6 3.g3 c6 4.Nc3 d5 5.cxd5 cxd5 6.Bg2 Bg7 7.Bg5 e6 8.Nf3 Qb6 9.O-O
O-O 10.Na4 Qb5 11.Rc1 Ne4 12.Be7 Re8 13.Ba3 Bd7 14.Nc3 Nxc3 15.bxc3 Qa6 16.Qb3
Bb5 17.Rfe1 Bc4 18.Qb2 Nc6 19.e4 dxe4 20.Nd2 Na5 21.Bb4 Bd5 22.Qa3 e3 23.Bf1 Nc4
24.Qxa6 exd2 25.Qa4 a5 26.Bc5 dxc1=Q 27.Rxc1 Nd2 28.Bg2 Nf3+ 29.Kh1 Bh6 30.Rb1
Nd2 31.Rxb7 Bxb7 32.Bxb7 Rab8 33.Bd6 Rbd8 34.Bc7 Re7 35.Bxd8 Rxb7 36.Qe8+ Bf8
37.Bg5

[Event "2. Bundesliga Ost 2008/2009"]
[Site "3-5.10.Bruck,22-23.11.Poechlarn,17-18.1.Wr.Neust,28
[Date "2009.02.28"]
[Round "8"]
[Board "4"]
[White "Zoernpfenning, Siegfried"]
[Black "Vass, Frantisek"]
[Result "0-1"]
[WhiteElo "2115"]
[BlackElo "2402"]
[PlyCount "94"]
[EventDate "2008.10.03"]
[EventType "team"]
[EventRounds "11"]
[EventCountry "AUT"]
[WhiteTeam "SV Tschaturanga Neubau"]
[BlackTeam "ASVOE SK Lackenbach"]

1.e4 e6 2.d4 d5 3.exd5 exd5 4.Bd3 Nf6 5.Bg5 Be7 6.Ne2 O-O 7.O-O c5 8.dxc5 Nc6
9.Nd2 Bxc5 10.Nb3 Bd6 11.Kh1 h6 12.Bh4 Ne5 13.Ned4 Nc4 14.Qc1 Re8 15.Nf5 Bxf5
16.Bxf5 Re5 17.Bd3 Rh5 18.Bg3 Ng4 19.h3 Nce3 20.fxe3 Bxg3 21.Be2 Qh4 22.Nd4 Be5
23.Qe1 Bg3 24.Qd2 Be5 25.Bxg4 Qxg4 26.Rf3 Qg6 27.Raf1 Rc8 28.c3 Qe4 29.Nf5 Re8
30.Qf2 Re6 31.Ng3 Bxg3 32.Rxg3 f6 33.Rd1 Ree5 34.Rd4 Qb1+ 35.Kh2 Rhf5 36.Rf4 Kh7
37.a3 Rxf4 38.exf4 Re4 39.Qxa7 Re1 40.Rf3 Qxb2 41.Qc5 Rd1 42.Qe7 Qb1 43.Re3 Rh1+
44.Kg3 Qg6+ 45.Kh4 Qxg2 46.Rg3 Rxh3+ 47.Rxh3 f5

[Event "2. Bundesliga Ost 2008/2009"]
[Site "3-5.10.Bruck,22-23.11.Poechlarn,17-18.1.Wr.Neust,28
[Date "2009.02.28"]
[Round "8"]
[Board "5"]
[White "Hagara, Eduard"]
[Black "Srienz, Christian"]
[Result "1-0"]
[WhiteElo "2379"]
[BlackElo "2232"]
[PlyCount "81"]
[EventDate "2008.10.03"]
[EventType "team"]
[EventRounds "11"]
[EventCountry "AUT"]
[WhiteTeam "ASVOE SK Lackenbach"]
[BlackTeam "SV Tschaturanga Neubau"]

1.e4 e6 2.d4 d5 3.e5 c5 4.c3 Nc6 5.Nf3 Qb6 6.a3 c4 7.Nbd2 Na5 8.Be2 Bd7 9.O-O
Ne7 10.Rb1 Nb3 11.Bxc4 Na5 12.Be2 Ng6 13.b4 Nc6 14.Nb3 Rc8 15.h4 Nd8 16.h5 Ne7
17.Nc5 Bb5 18.Bxb5+ Qxb5 19.a4 Qc6 20.b5 Qc7 21.Ba3 Nf5 22.Bb4 Be7 23.Rc1 O-O
24.Re1 Ra8 25.Qe2 Rc8 26.Rc2 b6 27.Na6 Qc4 28.Qxc4 Rxc4 29.Rec1 Nb7 30.Nd2 Rcc8
31.g4 Bxb4 32.cxb4 Ne7 33.Rc7 Rfe8 34.Nb3 Rxc7 35.Rxc7 Nd8 36.Rxa7 f6 37.exf6
gxf6 38.Nc7 Rf8 39.Nxe6 Nxe6 40.Rxe7 Nf4 41.a5